QUALITY CONTROL & STANDARDIZATION OF HERBALS (Record no. 34474)

MARC details
000 -LEADER
fixed length control field 00309nam a22001337a 4500
003 - CONTROL NUMBER IDENTIFIER
control field SGT
020 ## - INTERNATIONAL STANDARD BOOK NUMBER
International Standard Book Number 9390596955
082 ## - DEWEY DECIMAL CLASSIFICATION NUMBER
Classification number 615.321
Item number CHO
100 ## - MAIN ENTRY--PERSONAL NAME
Personal name CHOUDHURY ANTARA
245 ## - TITLE STATEMENT
Title QUALITY CONTROL & STANDARDIZATION OF HERBALS
260 ## - PUBLICATION, DISTRIBUTION, ETC. (IMPRINT)
Place of publication, distribution, etc INDIA
Name of publisher, distributor, etc NIRALI PUB
Year of Publication 2023
300 ## - PAGE DESCRIPTION
No. of Pages 5.13
942 ## - ADDED ENTRY ELEMENTS (KOHA)
Source of classification or shelving scheme Dewey Decimal Classification
Koha item type Books
Holdings
Withdrawn status Lost status Source of classification or shelving scheme Damaged status Not for loan Collection code Home library Current library Shelving location Date acquired Vendor Name SGTU Bill Number Total Checkouts Full call number Accession No. (Barcode) Date last seen Bill Date Koha item type
    Dewey Decimal Classification     SCIENCE SGT Science & Social Sciences Library SGT Science & Social Sciences Library Text Book 26/03/2026 ABC SGTU 22597   615.321 CHO DP1989 26/03/2026 09/03/2026 Books
    Dewey Decimal Classification     SCIENCE SGT Science & Social Sciences Library SGT Science & Social Sciences Library Text Book 26/03/2026 ABC SGTU 22597   615.321 CHO DP1990 26/03/2026 09/03/2026 Books